000 00326nam a2200133Ia 4500
005 20260328101525.0
008 260328s9999||||xx |||||||||||||| ||und||
100 _aBerty, Anne
245 0 _aArchitectures Colombiennes /
_cAnne Berty
260 _bMoniteur
300 _a239 p.
650 _aARQUITECTURA RELIGIOSA
942 _cBK
999 _c9744
_d9744